Social problems in India. (Record no. 211700)
[ view plain ]
| 000 -LEADER | |
|---|---|
| fixed length control field | 00563nam a2200169Ia 4500 |
| 008 - FIXED-LENGTH DATA ELEMENTS--GENERAL INFORMATION | |
| fixed length control field | 210719s1992 xx 000 0 und d |
| 020 ## - INTERNATIONAL STANDARD BOOK NUMBER | |
| International Standard Book Number | 81 7033 138 9 |
| 041 ## - LANGUAGE CODE | |
| Language code of text/sound track or separate title | eng |
| 082 ## - DEWEY DECIMAL CLASSIFICATION NUMBER | |
| Classification number | 361.954 AHUS |
| 100 ## - MAIN ENTRY--PERSONAL NAME | |
| Personal name | AHUJA (Ram).; |
| 245 ## - TITLE STATEMENT | |
| Title | Social problems in India. |
| 260 ## - PUBLICATION, DISTRIBUTION, ETC. | |
| Place of publication, distribution, etc. | Jaipur |
| Name of publisher, distributor, etc. | Rawat Publications |
| Date of publication, distribution, etc. | 1992 |
| 300 ## - PHYSICAL DESCRIPTION | |
| Extent | xi,389 |
| Other physical details | HB |
| 365 ## - TRADE PRICE | |
| Price amount | 375 |
| Currency code | Rs |
| 650 ## - SUBJECT ADDED ENTRY--TOPICAL TERM | |
| Topical term or geographic name entry element | Indian Social Problems |
| 906 ## - LOCAL DATA ELEMENT F, LDF (RLIN) | |
| a | Poverty Unemployment Communalism Youth unrest Child labour Violence against women Illiteracy Juvenile delinquency Terrorism Drug abuse Black money |
| Withdrawn status | Lost status | Damaged status | Not for loan | Collection code | Home library | Current library | Date acquired | Cost, normal purchase price | Total Checkouts | Full call number | Barcode | Date last seen | Cost, replacement price | Price effective from | Koha item type |
|---|---|---|---|---|---|---|---|---|---|---|---|---|---|---|---|
| St Aloysius Library | St Aloysius Library | 08/04/1994 | 375.00 | 361.954 AHUS | 048260 | 07/19/2021 | 375.00 | 07/19/2021 | Book |